<?xml version="1.0" encoding="UTF-8"?>
<marc:record xmlns:marc="http://www.loc.gov/MARC21/slim">
   <marc:leader>00000nam a2200000 a 4500</marc:leader>
   <marc:datafield ind1="1" ind2=" " tag="100">
      <marc:subfield code="a">Suter, Martin</marc:subfield>
      <marc:subfield code="4">aut</marc:subfield>
      <marc:subfield code="e">Verfasser/-in</marc:subfield>
   </marc:datafield>
   <marc:datafield ind1=" " ind2=" " tag="653">
      <marc:subfield code="a">Erzählende Literatur: Gegenwartsliteratur ab 1945</marc:subfield>
   </marc:datafield>
   <marc:datafield ind1="0" ind2="0" tag="245">
      <marc:subfield code="a">Wut und Liebe</marc:subfield>
   </marc:datafield>
   <marc:datafield ind1=" " ind2="1" tag="264">
      <marc:subfield code="b">Diogenes</marc:subfield>
      <marc:subfield code="c">2025</marc:subfield>
   </marc:datafield>
   <marc:datafield ind1="1" ind2=" " tag="520">
      <marc:subfield code="a">Noah ist Künstler Anfang 30. Das Gehalt seiner Freundin Camilla reicht knapp für sie beide. Camilla hat sich jedoch mehr vom Leben erhofft. Sie trennt sich von Noah. Es ist eine Kopfentscheidung , doch wann, wenn nicht jetzt, soll sie ihre Zukunft in die Hand nehmen? Um seine verlorene Liebe zurückzugewinnen,, ist Noah zu alllem bereit. Er lässt sich auf einen zweifelhafte Deal ein.</marc:subfield>
   </marc:datafield>
   <marc:datafield ind1=" " ind2=" " tag="020">
      <marc:subfield code="a">9783257073331</marc:subfield>
      <marc:subfield code="9">9783257073331</marc:subfield>
   </marc:datafield>
</marc:record>
